Kariéra a čo ďalej?
Pojem kariéra. Riadenie kariéry zamestnancov v podniku. Proces kariéry. Kariérny pohyb.
Guardado en:
| Autor principal: | |
|---|---|
| Formato: | Capítulo de libro |
| Lenguaje: | eslovaco |
| Materias: | |
| Etiquetas: |
Sin Etiquetas, Sea el primero en etiquetar este registro!
|
MARC
| LEADER | 00000naa a2200000 4500 | ||
|---|---|---|---|
| 001 | 0200569 | ||
| 005 | 20231120130434.4 | ||
| 041 | 0 | |a slo | |
| 044 | |a SK | ||
| 245 | 1 | 0 | |a Kariéra a čo ďalej? |c Viera Farkašová |
| 520 | |a Pojem kariéra. Riadenie kariéry zamestnancov v podniku. Proces kariéry. Kariérny pohyb. | ||
| 610 | 2 | 0 | |a kariéra |
| 610 | 2 | 0 | |a motivácia pracovná |
| 610 | 2 | 0 | |a riadenie ľudských zdrojov |
| 610 | 2 | 0 | |a podnik |
| 100 | 1 | |a Farkašová, Viera | |